Chanson française par image #2 - Statistiques

Statistiques générales
  • Ce quiz a été pris 14 036 fois
  • Le résultat moyen est 7 sur 16
Statistiques - réponses
Par images Hint Réponse % Correct
Indochine J'ai demandé à la Lune
91%
Edith Piaf La Foule
81%
Vanessa Paradis Joe le taxi
80%
Joe Dassin L'Amérique
63%
Bourvil Salade de fruits
63%
Claude Nougaro Armstrong
49%
Julie Pietri Ève, lève-toi
46%
Étienne Daho Week-end à Rome
40%
Goldman/Jones Je te donne
39%
Soprano Cosmo
37%
Johnny Hallyday Je te promets
33%
France Gall Ella, elle l'a
31%
Mecano Une Femme avec une femme
30%
Céline Dion Je sais pas
28%
Renaud Miss Maggie
25%
Laurent Voulzy Le Soleil donne
11%
Aucun quiz correspondant
Distribution des résultats
% des personnes avec chaque résultat
Percentile par nombre de réponses
Votre historique - résultats
Vous n’avez pas pris ce quiz